LEADER 01298nam a2200265 i 4500 001 000000177885 003 CaOOAMICUS 005 20090227000000.0 008 090227s2008 it u000 u ita u 013 $a155454 040 $aSeMil$bita 110 0 $aMuseo Diocesano .$0(OLS)http://semarc/name/44736 245 13$aLo sguardo sulla natura :$bluce e paesaggio da Lorrain a Turner /$cMuseo Diocesano di Milano. 260 $aCinisello Balsamo :$bSilvana Editoriale,$ccopyr. 2008. 300 $a239 p. :$briccamente ill. ;$c28 cm. 500 $aCatalogo della mostra tenuta a Milano, Museo Diocesano, 14 ottobre 2008-11 gennaio 2009. - Contiene : Bibliografia. - Dono del Card. Dionigi Tettamanzi. 650 4$aPaesaggio nella pittura - Sec. 17.-18. - Esposizioni.$0(OLS)http://semarc/subject/33971 850 $aSeMil 852 $aSeMil$W1$xVenegono$y1$m5S XVI 36$j128681$B128681$CSeMilBibl$Z2$F139823 $81 910 0 $aArcidiocesi di Milano : Museo diocesano "Carlo Maria Martini". 941 1 $a5 961 $aOmaggio: Tettamanzi Card. Dionigi 996 $6245$aLo sguardo sulla natura :$bluce e paesaggio da Lorrain a Turner$9(OLS)http://semarc/title/255486 996 $6260$aCinisello Balsamo :$bSilvana Editoriale$9(OLS)http://semarc/publisher/34608 LEADER 01307nam a2200289 i 4500 001 000000120489 003 CaOOAMICUS 005 20031201000000.0 008 031201s2001 it u000 u ita u 013 $a93183 020 $a88-339-1320-1 040 $aSeMil$bita 100 1 $aPulcini, Elena,$d<1950- >.$0(OLS)http://semarc/name/50148 245 12$aL'individuo senza passioni :$bindividualismo moderno e perdita del legame sociale /$cElena Pulcini. 260 $aTorino :$bBollati Boringhieri,$c2001. 300 $a230 p. ;$c22 cm. 490 0 $aSaggi : Storia, filosofia e scienze sociali 500 $aContiene : Indice dei nomi. 650 4$aIdentità - Psicologia.$0(OLS)http://semarc/subject/7221 650 4$aIndividuo e società.$0(OLS)http://semarc/subject/5183 830 0$aSaggi. Storia, filosofia e scienze sociali.$0(OLS)http://semarc/title/13104 850 $aSeMil 852 $aSeMil$W1$xVenegono$y1$m56 15 7 *$j75673$B75673$CSeMilBibl$Z2$F77477 $81 961 $aAcquisto: Àncora (Libreria) 996 $6020$a88-339-1320-1$9(OLS)http://semarc/number/105761 996 $6245$aL'individuo senza passioni :$bindividualismo moderno e perdita del legame sociale$9(OLS)http://semarc/title/177348 996 $6260$aTorino :$bBollati Boringhieri$9(OLS)http://semarc/publisher/31556